000 00722nam a2200253 i 4500
001 C2-0301153
003 PPAK
005 20180728082525.0
008 091206s2009 my a|||| ||||| | may d
020 _a9789676122148
040 _aPPAK
_beng
_cPPAK
_erda
082 0 4 _a641.5959119
_223
090 0 0 _a641.5959119
_bNOR
_dG
090 0 0 _a641.5959119
_bNOR
_dR
100 0 _aNoraini Margono,
_eauthor
245 1 0 _aMasakan tradisi Melayu Johor
264 1 _aKuala Lumpur :
_bUtusan Publications ,
_c2009
300 _a134 pages :
_bcolour illustrations ;
_c30 cm
336 _2rdacontent
_atext
337 _2rdamedia
_aunmediated
338 _2rdacarrier
_avolume
650 1 0 _aCookery, Malaysian
942 _ddc
_cB
999 _c104969
_d104969